The handbook of phonetic science (Record no. 2193)

MARC details
000 -LEADER
fixed length control field 00517 a2200193 4500
001 - CONTROL NUMBER
control field 068537
003 - CONTROL NUMBER IDENTIFIER
control field OSt
005 - DATE AND TIME OF LATEST TRANSACTION
control field 20220218173103.0
008 - FIXED-LENGTH DATA ELEMENTS--GENERAL INFORMATION
fixed length control field
082 ## - DEWEY DECIMAL CLASSIFICATION NUMBER
Classification number 414.4
Item number H19H
245 1# - TITLE STATEMENT
Title The handbook of phonetic science
Statement of responsibility, etc edited by William J. Hardcastle and John Lover
250 ## - EDITION STATEMENT
Edition statement 2nd ed.
260 ## - PUBLICATION, DISTRIBUTION, ETC. (IMPRINT)
Place of publication, distribution, etc USA
Name of publisher, distributor, etc Wiley Blackwell
Date of publication, distribution, etc 2010
300 ## - PHYSICAL DESCRIPTION
Extent 870p.
653 ## - INDEX TERM--UNCONTROLLED
Uncontrolled term Phonetics
700 ## - ADDED ENTRY--PERSONAL NAME
Personal name Hardcastle, William J.
Relator term Editor
700 ## - ADDED ENTRY--PERSONAL NAME
Personal name Lover, John
Relator term Editor
942 ## - ADDED ENTRY ELEMENTS (KOHA)
Source of classification or shelving scheme Dewey Decimal Classification
Koha item type Books
Holdings
Withdrawn status Lost status Source of classification or shelving scheme Damaged status Not for loan Collection code Home library Current library Date acquired Source of acquisition Cost, normal purchase price Total Checkouts Full call number Barcode Date last seen Price effective from Koha item type
    Dewey Decimal Classification     General Text Book Central University Of Rajasthan Central University Of Rajasthan 07/03/2012 ENG 9150.00   414.4 H19H 2824 21/11/2024 02/09/2020 Books